000 00303nam a22001337a 4500
008 181107b xxu||||| |||| 00| 0 eng d
020 _a9780716750413
041 _aeng
080 _a159.9
100 _a49
101 _aPSI
245 _aMolecules and Mental Illness
_cBarondes, S.H
942 _2udc
_cBK
999 _c52140
_d52140